| 000 | 00697pam a2200217 a 4500 | ||
|---|---|---|---|
| 001 | 4329923 | ||
| 005 | 20240208001520.0 | ||
| 008 | 881019s1989 enkb b 001 0 eng | ||
| 020 | _a0521249864 | ||
| 040 |
_aDLC _cDLC _dDLC |
||
| 082 | 0 | 0 |
_a306.6 _220 _bKEN. |
| 100 | 1 | _aJones, Kenneth W. | |
| 245 | 1 | 0 |
_aSocio-religious reform movements in British India / _cKenneth W. Jones. |
| 260 |
_a England ; _aNew York / _bCambridge University Press, _c1989. |
||
| 300 | _ax, 243 p. : | ||
| 500 | _aIncludes index. | ||
| 650 | 0 | _aReligion and sociology | |
| 856 | 4 | 2 | _uhttp://www.loc.gov/catdir/description/cam023/88030433.html |
| 856 | 4 | 1 | _uhttp://www.loc.gov/catdir/toc/cam022/88030433.html |
| 942 | _cL | ||
| 999 |
_c324 _d324 |
||